000 00440nam a22001697a 4500
003 UA-OsUOA
001 5349
007 ta
008 20050721b un ||||| |||| 00| 0 ukr d
100 _aХижнякова
700 _aМ. О.
942 _cBK
040 _aUA-OsUOA
_cUA-OsUOA
_dUA-OsUOA
245 _aІндивідуалізація навч. монологіч. мовлення на сер.
_bSA Paper
955 _a2
650 7 _2UDC
999 _c291511
_d291511